Building Interpersonal Relationships. (Record no. 16629)

000 -LEADER
fixed length control field 00493nam a2200169 a 4500
001 - CONTROL NUMBER
control field :::00019802$&:&@@
003 - CONTROL NUMBER IDENTIFIER
control field OkBaRHE
005 - DATE AND TIME OF LATEST TRANSACTION
control field 20011102160444.0
008 - FIXED-LENGTH DATA ELEMENTS--GENERAL INFORMATION
fixed length control field s1972 j 000 0 eng u
040 ## - CATALOGING SOURCE
Transcribing agency
100 1# - MAIN ENTRY--PERSONAL NAME
Personal name Trimmer, Ellen McKay
245 10 - TITLE STATEMENT
Title Building Interpersonal Relationships.
260 ## - PUBLICATION, DISTRIBUTION, ETC. (IMPRINT)
Place of publication, distribution, etc Chicago, IL
Name of publisher, distributor, etc Moody Press
Date of publication, distribution, etc 1972
300 ## - PHYSICAL DESCRIPTION
Extent 224 p.
942 ## - ADDED ENTRY ELEMENTS (KOHA)
Source of classification or shelving scheme
Koha item type Books
Copies
Date acquired Permanent Location Lost status Koha item type Copy number Full call number Withdrawn status Price effective from Barcode Not for loan Damaged status Date last seen Source of classification or shelving scheme Shelving location
2010-04-14RHEMA Bible Training College Books1HQ 734 .T84 2010-04-1419802  2010-04-14 General Stacks